Alle Volleyball 1. Bundesliga Meister - Statistiken

Allgemein
  • Dieses Quiz wurde 55 mal gespielt
    25 seit der letzten Aktualisierung
  • Das Durchschnittsergebnis liegt bei 25 aus 68
Antwortstatistiken
Saison Mannschaft % Korrekt
1997/1998 VfB Friedrichshafen
100%
1998/1999 VfB Friedrichshafen
100%
1999/2000 VfB Friedrichshafen
100%
2000/2001 VfB Friedrichshafen
100%
2001/2002 VfB Friedrichshafen
100%
2004/2005 VfB Friedrichshafen
100%
2005/2006 VfB Friedrichshafen
100%
2006/2007 VfB Friedrichshafen
100%
2007/2008 VfB Friedrichshafen
100%
2008/2009 VfB Friedrichshafen
100%
2009/2010 VfB Friedrichshafen
100%
2010/2011 VfB Friedrichshafen
100%
2014/2015 VfB Friedrichshafen
100%
1992/1993 BERLIN RECYCLING Volleys
67%
2002/2003 BERLIN RECYCLING Volleys
67%
2003/2004 BERLIN RECYCLING Volleys
67%
2011/2012 BERLIN RECYCLING Volleys
67%
2012/2013 BERLIN RECYCLING Volleys
67%
2013/2014 BERLIN RECYCLING Volleys
67%
2015/2016 BERLIN RECYCLING Volleys
67%
2016/2017 BERLIN RECYCLING Volleys
67%
2017/2018 BERLIN RECYCLING Volleys
67%
2018/2019 BERLIN RECYCLING Volleys
67%
2020/2021 BERLIN RECYCLING Volleys
67%
2021/2022 BERLIN RECYCLING Volleys
67%
2022/2023 BERLIN RECYCLING Volleys
67%
2023/2024 BERLIN RECYCLING Volleys
67%
2024/2025 BERLIN RECYCLING Volleys
67%
1993/1994 SV Bayer Wuppertal
14%
1996/1997 SV Bayer Wuppertal
14%
1994/1995 ASV Dachau
10%
1995/1996 ASV Dachau
10%
1991/1992 Moerser SC
10%
1978/1979 TSV Bayer 04 Leverkusen
10%
1988/1989 TSV Bayer 04 Leverkusen
10%
1989/1990 TSV Bayer 04 Leverkusen
10%
1990/1991 TSV Milbertshofen
10%
1964/1965 USC Münster
10%
1965/1966 USC Münster
10%
1966/1967 USC Münster
10%
1967/1968 USC Münster
10%
1968/1969 USC Münster
10%
1969/1970 USC Münster
10%
1970/1971 USC Münster
10%
1971/1972 USC Münster
10%
1972/1973 TSV 1860 München
5%
1974/1975 TSV 1860 München
5%
1977/1978 TSV 1860 München
5%
1979/1980 TSV 1860 München
5%
1981/1982 USC Gießen
5%
1982/1983 USC Gießen
5%
1983/1984 USC Gießen
5%
1959/1960 1. VC Hannover
0%
1961/1962 1. VC Hannover
0%
1960/1961 Alemannia Aachen
0%
1962/1963 ESV Olympia Köln
0%
1963/1964 ESV Olympia Köln
0%
1975/1976 Hamburger SV
0%
1976/1977 Hamburger SV
0%
1984/1985 Hamburger SV
0%
1985/1986 Hamburger SV
0%
1986/1987 Hamburger SV
0%
1987/1988 Hamburger SV
0%
1957/1958 Jugenddorf Limburgerhof
0%
1958/1959 Jugenddorf Limburgerhof
0%
1956/1957 Päd. Hochschule Hannover
0%
1973/1974 SSF Bonn 1905
0%
1980/1981 SSF Bonn 1905
0%
Keine übereinstimmenden Quizze gefunden
Verteilung der Resultate
Anzahl Personen mit jedem Resultat
Perzentil nach korrekt beantworteten Fragen
Ihre Resultats-Entwicklung
Sie haben dieses Quiz seit der letzten Aktualisierung nicht gespielt